| 000 | 00643nas a2200229 4500 | ||
|---|---|---|---|
| 001 | BR8901400 | ||
| 003 | BR-BrBNA | ||
| 005 | 20231205091505.0 | ||
| 007 | ta | ||
| 008 | 230509b bl.|||p| |||| 00| 00por d | ||
| 040 |
_aBR-BrBNA _bpor _cBiblioteca Nacional de Agricultura |
||
| 041 | _a(Pt) | ||
| 072 | _aQ02 | ||
| 100 | 1 | _aAlencar, N. | |
| 245 | 1 | _aAproveitamento da carne para embutidos e outros subprodutos | |
| 650 | _aCAPRINO | ||
| 650 | _aCARNE | ||
| 650 | _aLINGUICA | ||
| 773 | 0 |
_tCabras e Bodes (Brazil) _xISSN 0102-7344 _g(1986), v. 2(6) p. 7-8 _wBR8901400 |
|
| 909 |
_a202311 _bLúcia _c55 _dLúcia Elande |
||
| 942 |
_2AGRIS _n0 _cANA |
||
| 999 |
_c125437 _d125437 |
||